| 000 | 00689nam a2200181 i 4500 | ||
|---|---|---|---|
| 001 | 22808 | ||
| 003 | ES-MaACL | ||
| 005 | 20230906152747.0 | ||
| 007 | t| | ||
| 008 | 021204s1968 sp ||||1| spa d | ||
| 100 | 1 |
_aÁlvarez Rico, Manuel. _920933 |
|
| 245 | 1 | 3 |
_aLa impugnación de los acuerdos de la administración central por los organismos autónomos / _cpor Manuel Alvarez Rico. |
| 260 |
_a[S.l. : _bs.n.], _c1968. |
||
| 300 |
_aP. 13-17 ; _c30 cm. |
||
| 500 | _aEs separata de: Boletín de Información del Ministerio de Obras Públicas, n. 131, noviembre 1968. | ||
| 740 | 0 | _aBoletín de información del Ministerio de Obras Públicas. | |
| 852 |
_aES-MaACL _j2063-F-25 _bR.68487 |
||
| 999 |
_c22808 _d22808 |
||